| 000 | 00458nam a2200169 a 4500 | ||
|---|---|---|---|
| 005 | 20240611063704.0 | ||
| 008 | 991125s1971 esp 000 0 spa u | ||
| 035 | _aUPN01000032017 | ||
| 049 | _aCG | ||
| 050 | 4 |
_aQK50 _bI57 |
|
| 245 | 0 | 0 | _aIntroducción a la botánica. |
| 260 |
_aEspaña : _bTeide, _c1971. |
||
| 300 |
_a29 p. : _bil. |
||
| 440 | 0 |
_aEnciclopedia popular. _pNueva edición |
|
| 650 | 4 |
_aBotánica _xEstudio y enseñanza _9835 |
|
| 905 | _aLibro | ||
| 999 |
_c32017 _d32017 |
||